000 00718cam a2200241 4500
008 000000n2000 000 0 eng u
020 _a1841740985
035 _a(Sirsi) u109154
041 _aeng
050 _a346.410434
100 _aPawlowski, Mark
245 _aLandlord & tenant.
250 _a2nd ed.
260 _aLondon
_bBlackstone Press Limited
_c2000
300 _axxvii,289p. ; 23cm.
350 _a9.95
490 _aLaw Questions and Answers
520 _aA collection of detailed answers to typical examination questions on all aspects of landlord and tenant law. Aimed at students.
650 _aLAW
690 _aPROPERTY-LANDLORD AND TENANT
700 _aBrown, James
942 _n0
999 _c100887
_d100887